000 00899nam a2200325 a 4500
003 AR-BaBNM
005 20251128203037.0
008 082120s2002 ||||||||||||||000 | spa||
040 _cAR-BaBNM
100 1 _aBrotto, Mariano Pedro
245 0 0 _aConocimientos pedagógicos y de administración escolar
260 _aBuenos Aires
_bLerú
_c1970
300 _a251 p.
_bgráfs., tablas
504 _aBibliografía: p. 249-251
650 4 _aORGANIZACION ESCOLAR
650 4 _aADMINISTRACION ESCOLAR
650 4 _aESCUELAS ACTIVAS
650 4 _aMATERIAL DIDACTICO
650 4 _aPROGRAMAS DE ENSEÑANZA
650 4 _aMETODOS DE ENSEÑANZA
650 4 _aEVALUACION
650 4 _aPRUEBAS ESCOLARES
650 4 _aREGLAMENTACION ESCOLAR
651 4 _aArgentina
653 _aLEGISLACION EDUCATIVA
653 _aLEY 1420
700 1 _aNaddeo, Eduardo
942 _cBK
998 _cGrace
999 _c1641
_d1641